UBT Library

Planning and Designin Web sites (Record no. 55909)

000 -LEADER
fixed length control field 00343nam a22001457a 4500
008 - FIXED-LENGTH DATA ELEMENTS--GENERAL INFORMATION
fixed length control field 210308b ||||| |||| 00| 0 eng d
020 ## - INTERNATIONAL STANDARD BOOK NUMBER
International Standard Book Number 9780760049884
041 ## - LANGUAGE CODE
Language code of text/sound track or separate title eng
080 ## - UNIVERSAL DECIMAL CLASSIFICATION NUMBER
Universal Decimal Classification number 004
082 ## - DEWEY DECIMAL CLASSIFICATION NUMBER
Edition number 004
100 ## - Rafti
Rafti 35
101 ## - Shkurtesa
Shkurtesa SHK
245 ## - TITLE STATEMENT
Title Planning and Designin Web sites
Statement of responsibility, etc Sue A. Conger , Richard O. Mason
942 ## - ADDED ENTRY ELEMENTS (KOHA)
Source of classification or shelving scheme
Item type Books
Holdings
Withdrawn status Lost status Source of classification or shelving scheme Damaged status Not for loan Collection code Permanent location Current location Shelving location Date acquired Total Checkouts Full call number Barcode Date last seen Copy number Price effective from Koha item type
          Koleksioni i përgjithshem UBT - Lipjan UBT - Lipjan Koleksioni i përgjithshem 03/08/2021   004 SUE 002-7000802 03/08/2021 004 SUE 03/08/2021 Books
UBT Library © 2015-2024. All rights reserved University Education for Business and Technology